Anionic polymerization : principles and practical applications /
Guardado en:
| Autor Principal: | |
|---|---|
| Otros Autores: | |
| Formato: | Libro |
| Idioma: | English |
| Publicado: |
New York :
Marcel Dekker,
1996.
|
| Series: | Plastics engineering (Marcel Dekker, Inc.) ;
34. |
| Materias: | |
| Acceso en línea: | Descripción |
| Etiquetas: |
Agregar Etiqueta
Sin Etiquetas, Sea el primero en etiquetar este registro!
|
| LEADER | 01098cam a22002655a 4500 | ||
|---|---|---|---|
| 001 | EIQ.libpla000920 | ||
| 008 | 951227s1996####nyua#####b####001#0#eng#d | ||
| 005 | 20080317192435.0 | ||
| 245 | 1 | 0 | |a Anionic polymerization : |b principles and practical applications / |c Henry L. Hsieh, Roderic P. Quirk. |
| 260 | |a New York : |b Marcel Dekker, |c 1996. | ||
| 300 | |a viii, 727 p. : |b il. ; |c 24 cm. | ||
| 490 | 1 | |a Plastics engineering ; |v 34 | |
| 504 | |a Incluye referencias bibliográficas (p. 706-710) e índice. | ||
| 020 | |a 0824795237 | ||
| 100 | 1 | |a Hsieh, Henry L., |d 1930- | |
| 700 | 1 | |a Quirk, Roderic P. | |
| 830 | 0 | |a Plastics engineering (Marcel Dekker, Inc.) ; |v 34. | |
| 082 | 0 | 0 | |a 547/.28 |2 20 |
| 650 | 4 | |a Polimerización aniónica |x Teoría y aplicaciones. | |
| 650 | 4 | |a Addition polymerization |x Theoy and applications. | |
| 010 | |a 95053987 | ||
| 040 | |a DLC |c DLC |d AR-BbSID | ||
| 856 | 4 | 2 | |3 Descripción |u http://www.loc.gov/catdir/enhancements/fy0647/95053987-d.html |
| 859 | |a AR-BbSID |b BIB. PLAPIQUI |h 547.28 |i H 1 |p 4828 |t Ej. 1 |v Ej. 1 | ||
| 859 | |a AR-BbSID |b BIB. PLAPIQUI |h 547.28 |i H 1 |p 4894 |t Ej. 2 |v Ej. 2 | ||
